[Event "TCh-CZE Liga 1 Zapad"]
[Site "Czech Rep CZE"]
[Date "2012.01.15"]
[Round "6.7"]
[White "Vacek,Ma"]
[Black "Forman,S"]
[Result "0-1"]
[WhiteElo "2259"]
[BlackElo "2331"]

1.d4 f5 2.g3 Nf6 3.Bg2 g6 4.Nf3 Bg7 5.O-O O-O 6.c4 d6 7.Nc3 c6 8.d5 a5 9.Nd4 Qe8
10.Na4 Ra6 11.Qb3 Ne4 12.Rd1 cxd5 13.cxd5 Bd7 14.Nc3 Nc5 15.Qc4 Rb6 16.e3 Nba6
17.Qe2 Nc7 18.Nb3 Nxb3 19.axb3 Na6 20.Rxa5 Nc5 21.e4 Nxb3 22.Be3 Rb4 23.Ra3 Nd4
24.Qd2 fxe4 25.Bxe4 Bg4 26.Re1 Qd7 27.Nd1 Ne2+ 28.Rxe2 Rxe4 29.Re1 Bf3 30.Bb6 Bh6
31.Qa5 Qg4 32.Rxe4 Qxe4 33.Qc3 Bxd1  0-1

[Event "ch-TUR 2012"]
[Site "Kemer TUR"]
[Date "2012.01.29"]
[Round "1"]
[White "Dogan,A"]
[Black "Ipekci,Baris"]
[Result "1-0"]
[WhiteElo "2159"]
[BlackElo "1632"]

1.d4 f5 2.c4 Nf6 3.Nf3 g6 4.g3 Bg7 5.Bg2 O-O 6.O-O d6 7.Nc3 Qe8 8.b4 c6 9.Bb2 Na6
10.b5 Nc7 11.Re1 Bd7 12.a4 Qf7 13.d5 c5 14.Ng5 Qe8 15.f4 h6 16.Nf3 Qf7 17.Ra2 Rfe8
18.e4 fxe4 19.Nxe4 Bg4 20.Nf2 Bd7 21.Nd2 a5 22.Nde4 b6 23.Qa1 Rad8 24.Bc3 Bf5
25.Rae2 Nxe4 26.Nxe4 Bxc3 27.Qxc3 Qg7 28.Qd2 Bxe4 29.Rxe4 Rb8 30.Bh3 Rbd8
31.Qe3 Kf8 32.f5 g5 33.Bg4 Qf6 34.Bh5 Rc8 35.Kg2 Rb8 36.Bg6 Rbd8 37.h4 Rd7
38.hxg5 hxg5 39.Rf1 Red8 40.Re6 Qb2+ 41.Rf2  1-0

[Event "Moscow Open 2012 A"]
[Site "Moscow RUS"]
[Date "2012.01.29"]
[Round "2.23"]
[White "Shimanov,A"]
[Black "Cori T.,D"]
[Result "1-0"]
[WhiteElo "2549"]
[BlackElo "2415"]

1.Nf3 f5 2.g3 Nf6 3.Bg2 g6 4.O-O Bg7 5.d4 O-O 6.c4 d6 7.Nc3 c6 8.Qc2 Qe8
9.b3 a5 10.Bb2 Na6 11.Rad1 h6 12.a3 g5 13.Na4 Nd7 14.d5 cxd5 15.Bxg7 Kxg7
16.cxd5 b5 17.Nb2 b4 18.Nd4 Ndc5 19.a4 Nc7 20.Nc4 Qf7 21.f4 g4 22.Nc6 Bb7
23.Rfe1 Bxc6 24.dxc6 Qf6 25.e4 fxe4 26.Bxe4 N7e6 27.Qe2 h5 28.Bd5 Nd4 29.Qxe7+ Qxe7
30.Rxe7+ Kf6 31.Re3 Nf5 32.Ree1 Rae8 33.Rxe8 Rxe8 34.Nb6 Ne3 35.Rd2 Nxd5
36.Rxd5 Re1+ 37.Kf2 Rc1 38.c7  1-0

[Event "Moscow Open 2012 A"]
[Site "Moscow RUS"]
[Date "2012.01.29"]
[Round "2.36"]
[White "Bu Xiangzhi"]
[Black "Kuindzhy,A"]
[Result "1-0"]
[WhiteElo "2670"]
[BlackElo "2407"]

1.Nf3 f5 2.g3 Nf6 3.Bg2 g6 4.O-O Bg7 5.d4 O-O 6.c4 d6 7.Nc3 Qe8 8.d5 c5 9.Rb1 Na6
10.Be3 h6 11.h4 Ng4 12.Bf4 Nc7 13.Qd2 b5 14.b4 cxb4 15.Rxb4 bxc4 16.Rxc4 Na6
17.Nd4 Nc5 18.Bf3 Kh7 19.Ncb5 Qf7 20.Nc6 Ba6 21.Rxc5 dxc5 22.Nc7 Bb7 23.Na5 Rab8
24.Ne6 Ba8 25.Rc1 Rb2 26.Nxf8+ Qxf8 27.Rc2 Rb1+ 28.Kg2 Qf6 29.Nb3 e5 30.dxe6 Bxf3+
31.exf3 Qxe6 32.Nxc5 Qc6 33.Qe2 Qd5 34.Ne6 Ne5 35.Bxe5 Bxe5 36.Rc5 Qxe6 37.Rxe5  1-0

[Event "Moscow Open Women 2012"]
[Site "Moscow RUS"]
[Date "2012.01.29"]
[Round "2.23"]
[White "Shaidullina,S"]
[Black "Zherebtsova,A"]
[Result "1/2-1/2"]
[WhiteElo "2215"]
[BlackElo "2041"]

1.d4 f5 2.c4 Nf6 3.Nf3 g6 4.g3 Bg7 5.Bg2 O-O 6.O-O c6 7.Nc3 d6 8.Qd3 Qc7
9.e4 fxe4 10.Nxe4 Bf5 11.Nh4 Nxe4 12.Bxe4 Bxe4 13.Qxe4 e5 14.dxe5 dxe5 15.Bg5 Na6
16.Rad1 Nc5 17.Qg4 Rae8 18.Be3 Ne6 19.Nf3 c5 20.Rd5 Nd4 21.Ng5 Re7 22.f3 Qc8
23.Qxc8 Rxc8 24.Bxd4 exd4 25.Ne4 b6 26.Rd1 Rf8 27.Kg2 Rf5 28.Rd8+ Rf8 29.Rd6 Be5
30.Rd5 h6 31.a3 Rc8 32.h4 Rcc7 33.Rd8+ Kg7 34.Re1 Bf6 35.Rd6 Be5 36.Rd5 Bf6
37.Kf2 Rcd7 38.Nxf6 Kxf6 39.Rxd7 Rxd7 40.Re8 Re7 41.Rd8 Re3 42.Rd7 Rb3 43.Rxa7 Rxb2+
44.Ke1 Rb3 45.Rb7 Rxa3 46.Rxb6+ Kf7 47.Rc6 Rxf3 48.Rxc5 Rxg3 49.h5 gxh5 50.Rxh5 Rc3
51.Rxh6  1/2-1/2

[Event "Moscow Open Women 2012"]
[Site "Moscow RUS"]
[Date "2012.02.01"]
[Round "5.55"]
[White "Bakunina,A"]
[Black "Chistyakova,Daria"]
[Result "1-0"]
[WhiteElo "1962"]
[BlackElo "1652"]

1.d4 f5 2.c4 Nf6 3.Nf3 g6 4.g3 Bg7 5.Bg2 O-O 6.O-O e6 7.Nc3 Nc6 8.d5 exd5
9.cxd5 Ne7 10.d6 cxd6 11.Qxd6 Ne8 12.Qd3 Nf6 13.Bf4 d5 14.Nb5 Bd7 15.Nc7 Rc8
16.Rac1 a6 17.Ng5 Nh5 18.Nge6 Nxf4 19.gxf4 Bxe6 20.Nxe6 Qd6 21.Nxf8 Rxf8
22.e3 Rd8 23.Qc2 Nc6 24.Rfd1 Nb4 25.Qb3 Kh8 26.a3 Nc6 27.Rxd5 Qe7 28.Rxd8+ Nxd8
29.Qb6 Bf6 30.Rc7 Qf8 31.Bxb7 Be7 32.Qd4+ Bf6 33.Qd7 Qg7 34.Qd6 Nxb7 35.Qb6 Qf8
36.Qxb7 Qe8 37.Rc8 Bd8 38.Qa8 Qa4 39.Rxd8+ Kg7 40.Qb7+ Kh6 41.Rd7 Kh5 42.Rxh7+ Kg4
43.h3+  1-0

[Event "Moscow Open Women 2012"]
[Site "Moscow RUS"]
[Date "2012.02.02"]
[Round "6.35"]
[White "Bezgodova,S"]
[Black "Shakhmurzova,Fatima"]
[Result "1-0"]
[WhiteElo "2100"]
[BlackElo "1893"]

1.Nf3 f5 2.g3 Nf6 3.Bg2 g6 4.O-O Bg7 5.d4 O-O 6.c4 d6 7.Nc3 c6 8.d5 e5 9.dxe6 Bxe6
10.b3 Ne4 11.Nxe4 Bxa1 12.Qxd6 Qxd6 13.Nxd6 Bg7 14.Nxb7 Bc8 15.Nd6 Rd8 16.c5 Ba6
17.Ng5 Bf6 18.Ne6 Rd7 19.Bh6 Re7 20.Nf4 Bb7 21.Nd5 cxd5 22.Nxb7 Na6 23.Bxd5+ Kh8
24.Nd6 Rd8 25.Nf7+ Rxf7 26.Bxf7 Nxc5 27.h4 Ne4 28.Rc1 Nc3 29.Rc2 Rd7 30.Bc4 Rd1+
31.Kg2 Ra1 32.a4 Rd1 33.Rd2 Rxd2 34.Bxd2  1-0

[Event "Moscow Open 2012 A"]
[Site "Moscow RUS"]
[Date "2012.02.02"]
[Round "6.69"]
[White "Kotov,Al2"]
[Black "Pletnev,E"]
[Result "0-1"]
[WhiteElo "2252"]
[BlackElo "2338"]

1.d4 f5 2.Nf3 Nf6 3.g3 g6 4.Bg2 Bg7 5.O-O O-O 6.c4 d6 7.b3 c6 8.Nc3 Qc7 9.Ba3 a5
10.Rc1 Na6 11.Qc2 Nb4 12.Qb1 e5 13.Bb2 e4 14.Ne1 Qe7 15.a3 Na6 16.Nc2 Be6
17.Rcd1 d5 18.c5 g5 19.Bc1 Nh5 20.f4 gxf4 21.Bxf4 Nxf4 22.gxf4 Nxc5 23.b4 Na6
24.bxa5 Kh8 25.Na4 Rf6 26.Qb3 Rg8 27.Kh1 Rh6 28.Qe3 Qh4 29.Qg1 Bf6 30.Rb1 Rg7
31.h3 Rhg6 32.Rf2 e3 33.Rf3 Bd8 34.Qxe3 Rxg2 35.Qxe6 R2g3 36.Qxf5 Rxf3 37.exf3 Qf2  0-1

[Event "Moscow Open Women 2012"]
[Site "Moscow RUS"]
[Date "2012.02.05"]
[Round "9.48"]
[White "Kutueva,N"]
[Black "Ponomarchuk,Anastasia"]
[Result "0-1"]
[WhiteElo "1959"]
[BlackElo "1805"]

1.d4 f5 2.Nf3 Nf6 3.g3 g6 4.Bg2 Bg7 5.O-O O-O 6.c4 d6 7.Nc3 Qe8 8.d5 a5 9.Nd4 Na6
10.e4 fxe4 11.Nxe4 Nxe4 12.Bxe4 Nc5 13.Bg2 Qf7 14.Rb1 Bxd4 15.Qxd4 Bf5 16.Ra1 Bd3
17.Rd1 Qf6 18.Rxd3 Nxd3 19.Be3 Nxb2 20.Qxf6 exf6 21.Rb1 Nxc4 22.Rxb7 Nxe3
23.fxe3 Rfc8 24.Bh3 f5 25.e4 Rab8 26.Ra7 Rb1+ 27.Kg2 Rb2+ 28.Kg1 Rxa2 29.exf5 Rb8
30.fxg6 Rb1+ 31.Bf1 hxg6 32.Rxc7 Raa1  0-1

[Event "16th Guingamp Open"]
[Site "Guingamp FRA"]
[Date "2012.02.18"]
[Round "1"]
[White "Bourges,J"]
[Black "Koziak,V"]
[Result "0-1"]
[WhiteElo "2067"]
[BlackElo "2511"]

1.d4 f5 2.g3 Nf6 3.Bg2 g6 4.Nf3 Bg7 5.O-O O-O 6.c4 d6 7.Nc3 Nc6 8.d5 Na5
9.Qa4 c5 10.dxc6 Nxc6 11.Rd1 Kh8 12.c5 d5 13.Bg5 e6 14.e4 fxe4 15.Nxe4 Bd7
16.Nd6 b6 17.Rac1 Qe7 18.b4 a6 19.Qa3 a5 20.b5 Nb4 21.c6 Qxd6 22.Bf4 Qe7
23.cxd7 Nxd7 24.Rc7 Rac8 25.Rdc1 Rxc7 26.Rxc7 e5 27.Bd2 e4 28.Ng5 Qf6 29.Nh3 Nc5
30.Bxb4 Qa1+ 31.Bf1 axb4 32.Qa7 e3 33.Re7 Ne4 34.Kg2 exf2 35.Qd7 Nd2  0-1

[Event "ch-Central Serbia 2012"]
[Site "Pozarevac SRB"]
[Date "2012.02.18"]
[Round "8.15"]
[White "Pantovic,D"]
[Black "Dmitrovic,T"]
[Result "1/2-1/2"]
[WhiteElo "2150"]
[BlackElo "2273"]

1.Nf3 f5 2.g3 Nf6 3.c4 g6 4.Bg2 Bg7 5.O-O O-O 6.d4 d6 7.Nc3 Qe8 8.d5 Na6
9.Rb1 Bd7 10.Be3 h6  1/2-1/2

[Event "TCh-LTU 2012"]
[Site "Lithuania LTU"]
[Date "2012.03.03"]
[Round "6"]
[White "Vanagas,T"]
[Black "Stremavicius,T"]
[Result "0-1"]
[WhiteElo "2080"]
[BlackElo "2184"]

1.d4 f5 2.c4 Nf6 3.g3 g6 4.Bg2 Bg7 5.Nf3 O-O 6.O-O d6 7.Nc3 Nc6 8.d5 Na5
9.Qd3 e5 10.dxe6 Bxe6 11.b3 Nc6 12.Bb2 Nd7 13.e3 Nce5 14.Qc2 Nxf3+ 15.Bxf3 Rb8
16.Rad1 Ne5 17.Bg2 Qe7 18.Nd5 Bxd5 19.Rxd5 Nd7 20.Bxg7 Kxg7 21.b4 Rfd8 22.Rfd1 Nf6
23.R5d4 a6 24.Qd2 Re8 25.Qc3 Qe5 26.c5 dxc5 27.bxc5 Re7 28.Qb4 b6 29.c6 Rbe8
30.h4 h6 31.Qc4 a5 32.Rb1 Qe6 33.Qc2 Ng4 34.h5 gxh5 35.Rb5 Rf8 36.Rf4 Ne5
37.Bd5 Qg6 38.Qb2 Qd6 39.Qc2 Qg6 40.Qb2 Rf6 41.Qc3 Qe8 42.e4 Qf8 43.Bb3 Rxc6
44.Qb2 Qf6 45.Bc2 Nc4 46.Qxf6+ Rxf6 47.Rbxf5 Rxf5 48.exf5 Re1+ 49.Kg2 Nd6
50.f6+ Kf8 51.Rh4 Re6 52.Rxh5 Rxf6 53.Re5 Nf7 54.Re3 Rd6 55.Rc3 c5 56.f4 Kg7
57.Kf3 Kf6 58.g4 Rd2 59.Bb3 Nd6 60.Ke3 Rh2 61.Rd3 Ke7 62.Bd5 b5 63.Rd1 a4
64.f5 h5 65.Kf4 hxg4 66.Re1+ Kd7 67.Kxg4 Rf2 68.Kg3 Rd2 69.Be6+ Ke7 70.Re5 Kf6
71.Rd5 Rxd5 72.Bxd5 Kxf5 73.Kf3 Ke5 74.Bg8 Kd4  0-1

[Event "2nd Ferdynanda Dziedzica Mem"]
[Site "Trzcianka POL"]
[Date "2012.03.04"]
[Round "6"]
[White "Koziak,V"]
[Black "Majdan,J"]
[Result "0-1"]
[WhiteElo "2511"]
[BlackElo "2387"]

1.Nf3 f5 2.c4 Nf6 3.g3 g6 4.Bg2 Bg7 5.O-O O-O 6.d4 d6 7.Nc3 Qe8 8.d5 a5 9.Rb1 Bd7
10.b3 Na6 11.a3 Nc5 12.Nd4 c6 13.dxc6 bxc6 14.Bb2 e5 15.Nf3 Qe7 16.b4 axb4
17.axb4 Nce4 18.Qc2 Rfb8 19.c5 dxc5 20.Nxe5 cxb4 21.Nxe4 Nxe4 22.Nxc6 Bxc6
23.Qxc6 Ra2 24.Qd5+ Qf7 25.Bxe4 Rxb2 26.Qd6 Qf8 27.Bd5+ Kh8 28.Qc6 Rxe2 29.h4 f4
30.Bf3 Ree8 31.g4 b3 32.Kg2 b2 33.Rh1 Qf6 34.Qxf6 Bxf6 35.g5 Bc3 36.h5 gxh5
37.Rxh5 Kg7 38.Bg4 Re5 39.Kf3 Rbb5 40.Kxf4 Re1 41.Rxb2 Bxb2 42.Bf5 Bc1+ 43.Kg4 Rg1+
44.Kh3  0-1

[Event "2nd Ferdynanda Dziedzica Mem"]
[Site "Trzcianka POL"]
[Date "2012.03.04"]
[Round "7"]
[White "Miton,K"]
[Black "Malaniuk,V"]
[Result "1/2-1/2"]
[WhiteElo "2623"]
[BlackElo "2509"]

1.d4 f5 2.Nf3 Nf6 3.g3 g6 4.Bg2 Bg7 5.O-O O-O 6.c4 d6 7.Nc3 c6 8.Rb1 Nbd7
9.d5 cxd5 10.cxd5 Nc5 11.Be3 Bd7 12.Bd4 a5 13.e3 Rc8 14.h4 h6 15.Rc1 Qb6
16.Nd2 Qa6 17.Re1 b5 18.Ne2 Nd3  1/2-1/2

[Event "29th Ciocaltea Mem"]
[Site "Bucharest ROU"]
[Date "2012.03.09"]
[Round "8"]
[White "Shishkin,Va UKR"]
[Black "Podinic,V"]
[Result "0-1"]
[WhiteElo "2464"]
[BlackElo "2428"]

1.d4 f5 2.g3 Nf6 3.Bg2 g6 4.Nf3 Bg7 5.c4 O-O 6.O-O d6 7.Nc3 Nc6 8.d5 Ne5
9.Nxe5 dxe5 10.c5 h6 11.Qb3 Kh8 12.Rd1 a6 13.Bd2 g5 14.Rac1 e4 15.f4 gxf4
16.Bxf4 Nh5 17.e3 Nxf4 18.gxf4 Rf6 19.Kh1 Rg6 20.Bh3 Qf8 21.Rg1 Rxg1+ 22.Rxg1 Qf6
23.Qa4 Qf7 24.Nb5 c6 25.Nc7 Rb8 26.Qb3 cxd5 27.Qxd5 Qxd5 28.Nxd5 e6 29.Nb6 Bxb2
30.Rd1 Bf6 31.Bf1 Be7 32.Bc4 Kg7 33.Nxc8 Rxc8 34.Bxe6 Rxc5 35.Rd5 Kf6 36.Bg8 Rc3
37.Bh7 Rxe3 38.Rxf5+ Kg7 39.Re5 Kxh7 40.Rxe7+ Kg6 41.Kg2 Ra3 42.Rxb7 Rxa2+
43.Kg3 Ra3+ 44.Kg4 h5+ 45.Kh4 Rf3 46.Rb6+ Kf5 47.Rxa6 e3 48.Ra8 e2 49.Re8 Rxf4+
50.Kg3 h4+ 51.Kg2 Re4 52.Rxe4  0-1

[Event "29th Ciocaltea Mem"]
[Site "Bucharest ROU"]
[Date "2012.03.11"]
[Round "10"]
[White "Szabo,G ROM"]
[Black "Podinic,V"]
[Result "1-0"]
[WhiteElo "2553"]
[BlackElo "2428"]

1.d4 f5 2.g3 Nf6 3.Bg2 g6 4.Nf3 Bg7 5.O-O O-O 6.c4 d6 7.Nc3 Nc6 8.d5 Ne5
9.Nxe5 dxe5 10.c5 h6 11.Qb3 Kh8 12.Rd1 a6 13.Bd2 g5 14.Na4 Qe8 15.Ba5 Bd7
16.Nc3 b6 17.cxb6 cxb6 18.Qxb6 Rb8 19.Qxa6 Ra8 20.Qb6 e4 21.Qb4 Qh5 22.Bc7 f4
23.Nxe4 Qxe2 24.Nxf6 Bxf6 25.Rd2 Qh5 26.Qe4 Ra4 27.Qe2 Qxe2 28.Rxe2 Rc8 29.Be5 Bxe5
30.Rxe5 Rxa2 31.Rae1 Rxb2 32.Rxe7 Bg4 33.h3 fxg3 34.fxg3 Rcc2 35.Be4 Bxh3
36.Bxc2 Rxc2 37.d6 Rd2 38.Rc7  1-0

[Event "13th EICC"]
[Site "Plovdiv BUL"]
[Date "2012.03.21"]
[Round "2.102"]
[White "Duzhakov,I"]
[Black "Halkias,S"]
[Result "0-1"]
[WhiteElo "2316"]
[BlackElo "2588"]

1.d4 f5 2.g3 Nf6 3.Bg2 g6 4.Nf3 Bg7 5.O-O O-O 6.c4 d6 7.b3 e6 8.Bb2 Nc6 9.Nbd2 Qe7
10.Qc2 e5 11.dxe5 dxe5 12.e4 f4 13.c5 Ng4 14.Rad1 Be6 15.Qc3 Rad8 16.b4 Nd4
17.Nxd4 exd4 18.Qa3 Ne5 19.Ba1 Bg4 20.f3 Be6 21.gxf4 Rxf4 22.Nb3 Bc4 23.Rf2 Qh4
24.h3 Nxf3+ 25.Rxf3 Rxf3 26.Bxf3 Qg3+ 27.Bg2 Be5  0-1

[Event "13th EICC"]
[Site "Plovdiv BUL"]
[Date "2012.03.22"]
[Round "3.73"]
[White "Enchev,I"]
[Black "Bartel,Mat"]
[Result "0-1"]
[WhiteElo "2432"]
[BlackElo "2665"]

1.d4 f5 2.g3 Nf6 3.Bg2 g6 4.Nf3 Bg7 5.O-O O-O 6.c4 c6 7.Nc3 d6 8.Qd3 Na6
9.a3 Qe8 10.e4 e5 11.Re1 fxe4 12.Nxe4 Bf5 13.Nxf6+ Bxf6 14.Qb3 e4 15.Bh6 Qd7
16.Ng5 Bxd4 17.Bxf8 Rxf8 18.Re2 Nc5 19.Qd1 Qg7 20.h3 d5 21.g4 Bd7 22.cxd5 cxd5
23.Rd2 Ba4 24.Qe1 Nd3 25.Ne6 Qe5 26.Nxd4 Nxe1 27.Rxe1 Qf4 28.Re3 Rc8 29.b3 Bd7
30.Ne2 Qf7 31.f3 Bb5 32.fxe4 Bxe2 33.Rdxe2 Rc1+ 34.Re1 Qf4 35.Re2 d4  0-1

[Event "13th EICC"]
[Site "Plovdiv BUL"]
[Date "2012.03.24"]
[Round "5.37"]
[White "Bosiocic,Mari"]
[Black "Bartel,Mat"]
[Result "1-0"]
[WhiteElo "2562"]
[BlackElo "2665"]

1.d4 f5 2.Nf3 Nf6 3.g3 g6 4.Bg2 Bg7 5.O-O O-O 6.c4 c6 7.Nc3 d6 8.Rb1 Qe8
9.d5 Na6 10.Nd4 Bd7 11.b3 Nc7 12.Bb2 cxd5 13.Nxd5 Nfxd5 14.cxd5 Qf7 15.Ne6 Nxe6
16.dxe6 Bxe6 17.Bxb7 Rab8 18.Bf3 f4 19.Qd2 Rb5 20.Bxg7 Qxg7 21.Rbc1 Bh3 22.Rfd1 g5
23.Rc7 Rbf5 24.Bd5+ Kh8 25.Be6 fxg3 26.hxg3 Rxf2 27.Bxh3 Qh6 28.Qd4+ e5 29.Qg4 d5
30.Rc8 Qb6 31.Rxf8+ Rxf8+ 32.Kh1 Qe3 33.Rxd5 h6 34.Bg2  1-0

[Event "Belgrade Spring Open 2012"]
[Site "Belgrade SRB"]
[Date "2012.03.27"]
[Round "4.5"]
[White "Tisma,I"]
[Black "Martic,I SRB"]
[Result "0-1"]
[WhiteElo "2124"]
[BlackElo "2392"]

1.d4 f5 2.Nf3 Nf6 3.g3 g6 4.Bg2 Bg7 5.O-O O-O 6.c4 d6 7.Qb3 Kh8 8.Nc3 Nc6
9.Rd1 Ne4 10.Nd5 a5 11.a3 a4 12.Qc2 Bd7 13.Be3 Na5 14.Rf1 c6 15.Nf4 Qe8 16.h4 e5
17.dxe5 dxe5 18.Nh3 Be6 19.Nfg5 Nxg5 20.Nxg5 Bxc4 21.Qxa4 h6 22.Nh3 Bxe2
23.Rfe1 Nc4 24.Qb4 Nxe3 25.Rxe2 Nxg2 26.Kxg2 Qf7 27.Rd2 Rad8 28.Rad1 Rd5
29.Re1 Rfd8 30.Rde2 Rd4 31.Qb6 R8d7 32.f3 Qd5 33.Qa7 Kh7 34.Qb8 Rd3 35.Rf2 Qd6
36.Qc8 Qc7 37.Qe8 Rd8 38.Qe6 Qd7 39.Qc4 Qd5 40.Qb4 Rd7 41.Ree2 Qb3 42.Qxb3 Rxb3
43.g4 Rdd3 44.gxf5 gxf5 45.Ng1 Kg6 46.Kf1 Rd1+ 47.Kg2 Bf6 48.Rf1 Rxf1 49.Kxf1 Kh5
50.Kg2 Kxh4 51.Nh3 e4 52.Ng1 Rxb2 53.Rxb2 Bxb2 54.a4 Kg5 55.fxe4 fxe4 56.Nh3+ Kf5
57.Kf2 Kg4  0-1

[Event "ch-VIE Men KO 2012"]
[Site "Can Tho VIE"]
[Date "2012.03.28"]
[Round "3.1"]
[White "Dao Thien Hai"]
[Black "Tu Hoang Thong"]
[Result "1/2-1/2"]
[WhiteElo "2516"]
[BlackElo "2416"]

1.d4 f5 2.Nf3 Nf6 3.g3 g6 4.Bg2 Bg7 5.O-O O-O 6.c4 d6 7.Nc3 Nc6 8.b3 e5 9.dxe5 dxe5
10.Ba3 Re8 11.Qc1 e4 12.Rd1 Bd7 13.Ne1 Ne5 14.Rb1 c6 15.Na4 b6 16.f4 Nf7
17.Nc2 Qc7 18.e3 Rad8 19.Bf1 Bc8 20.Be2 Rxd1+ 21.Qxd1 Rd8 22.Qe1 Ne8 23.h3 Qd7
24.Rd1 Qc7 25.Rc1 Qd7 26.Bb2 Bxb2 27.Nxb2 Qd2 28.Kf2 Qxe1+ 29.Kxe1 c5 30.a3 Kf8
31.b4 Bd7 32.Na1 Nc7 33.Kd2 Ke7 34.Ke1 h5 35.Bxh5  1/2-1/2

[Event "13th EICC"]
[Site "Plovdiv BUL"]
[Date "2012.03.28"]
[Round "8.6"]
[White "Vachier Lagrave,M"]
[Black "Kuzubov,Y"]
[Result "1/2-1/2"]
[WhiteElo "2682"]
[BlackElo "2615"]

1.d4 f5 2.g3 Nf6 3.Bg2 g6 4.Nf3 Bg7 5.O-O O-O 6.c4 d6 7.Nc3 Qe8 8.Nd5 Nxd5
9.cxd5 Qb5 10.Ng5 c6 11.a4 Qb6 12.a5 Qb5 13.e4 fxe4 14.Nxe4 cxd5 15.Nc3 Qd7
16.Nxd5 e6 17.Nf4 d5 18.Re1 Qf7 19.Be3 Nc6 20.Qd2 Bd7 21.h4 Rac8 22.Ra3 Ne7
23.Nd3 Nf5 24.Ne5 Bxe5 25.dxe5 Nxe3 26.Raxe3 Qe7 27.Rc3 Rxc3 28.bxc3 Qc5
29.Rb1 Bc6 30.h5 gxh5 31.Bh3 h4 32.Bxe6+ Kh8 33.Qd4 Qe7 34.Bh3 hxg3 35.fxg3 Qg5
36.Kg2 Qe3 37.Rf1 Qxd4 38.Rxf8+ Kg7 39.cxd4 Kxf8 40.Bf5 h6 41.Kf3 b6 42.axb6 axb6
43.Ke3 Ke7 44.Kd2 Kd8 45.Kc3 Kc7 46.Be6 Kd8 47.Kb4 Kc7 48.Bf7 Kd8 49.Bh5 Kc7
50.Bd1 Bd7 51.Ba4 Be6 52.Be8 Kd8 53.Bh5 Kc7 54.Be2 Kd8 55.Kb5  1/2-1/2

[Event "13th EICC"]
[Site "Plovdiv BUL"]
[Date "2012.03.28"]
[Round "8.141"]
[White "Froewis,G"]
[Black "Vlashki,N"]
[Result "0-1"]
[WhiteElo "2407"]
[BlackElo "2258"]

1.Nf3 f5 2.c4 Nf6 3.d4 g6 4.g3 Bg7 5.Bg2 O-O 6.O-O d6 7.Nc3 c6 8.Re1 Na6
9.e4 fxe4 10.Nxe4 Nxe4 11.Rxe4 e5 12.dxe5 dxe5 13.Bg5 Qc7 14.Be3 Bf5 15.Rh4 Nb4
16.Qb3 Nc2 17.c5+ Qf7 18.Qxf7+ Rxf7 19.Rd1 Nxe3 20.fxe3 Bf6 21.Rc4 e4 22.Nd4 Rd8
23.Rd2 Bg5 24.Rc3 h5 25.Nb3 Rd3 26.Rdxd3 exd3 27.e4 d2 28.Rd3 Rd7 29.Rxd2 Bxd2
30.exf5 gxf5 31.Bh3 Be3+ 32.Kg2 Rd5 33.Na5 Bxc5 34.Nxb7 Bb6  0-1

[Event "13th EICC"]
[Site "Plovdiv BUL"]
[Date "2012.03.30"]
[Round "10.41"]
[White "Melkumyan,H"]
[Black "Swiercz,D"]
[Result "1/2-1/2"]
[WhiteElo "2628"]
[BlackElo "2565"]

1.d4 f5 2.g3 Nf6 3.Bg2 g6 4.Nf3 Bg7 5.O-O O-O 6.c4 d6 7.Nc3 c6 8.Qb3 Kh8
9.Rd1 Na6 10.Be3 Qe8 11.d5 c5 12.Nb5 h6 13.Bd2 Ne4 14.Be1 Bd7 15.a4 g5 16.Nc3 Nf6
17.e3 b6 18.a5 Rb8 19.axb6 Rxb6 20.Qc2 Nb4 21.Qe2 a6 22.Ra3 Qg6 23.Rda1 Rfb8
24.Rc1 Qf7 25.b3 Qg6 26.Nd2 Ng4 27.Nf3 Nf6 28.h3 Qh5 29.e4 fxe4 30.Nxe4 Bxh3
31.Nxf6 Bxf6 32.Bxh3 Qxh3 33.Bc3 Qf5 34.Bxf6+ Qxf6 35.Re1 Rf8 36.Nh2 Nd3
37.Ng4 Qf5 38.Rd1 Ne5 39.Nxe5 dxe5 40.Re1 Kg8 41.Qe3 h5 42.Ra2 h4 43.Rae2 e4
44.Qxe4 hxg3 45.f3 Qxf3 46.Qxf3 Rxf3 47.Rxe7 Rfxb3 48.Kg2 Rh6 49.R1e3 Rxe3
50.Rxe3 Rh4 51.d6 Rd4 52.Re5 Rxd6 53.Rxg5+ Kf7 54.Rxc5 Rg6 55.Re5 Kf6 56.Re8 Rg5
57.Ra8 a5 58.Ra6+ Ke7 59.c5 Rxc5 60.Kxg3 Kd7 61.Kf4 Kc7 62.Ke4 Kb7 63.Kd4 Rb5
64.Rh6 a4 65.Kc4 Rb2 66.Rh7+ Kb6 67.Rh6+ Kb7  1/2-1/2

[Event "OGD Prinsenstad Open A"]
[Site "Delft NED"]
[Date "2012.04.08"]
[Round "6.12"]
[White "Thakoerdien,Jerrel"]
[Black "Van Oosterom,C"]
[Result "0-1"]
[WhiteElo "2095"]
[BlackElo "2383"]

1.d4 f5 2.g3 Nf6 3.Bg2 g6 4.Nf3 Bg7 5.O-O O-O 6.c4 d6 7.Nc3 c6 8.Rb1 Qe8
9.d5 Na6 10.dxc6 bxc6 11.b4 Bd7 12.a3 Qf7 13.Qb3 e5 14.Rd1 h6 15.Rxd6 Ne4
16.Rd1 Be6 17.Nd2 Nxd2 18.Bxd2 Bxc4 19.Qa4 e4 20.Rdc1 Rac8 21.Qc2 Be6 22.Qa4 Nb8
23.Be3 Nd7 24.Qa5 a6 25.Bf4 Bc4 26.Bf1 g5 27.Bd6 Rfe8 28.e3 Bxf1 29.Kxf1 Qe6
30.Bc7 Be5 31.Bxe5 Nxe5 32.Ne2 f4 33.Nd4 Qh3+ 34.Ke2 Qh5+ 35.Kd2 Qxh2 36.Qxa6 fxe3+
37.Kxe3 Ng4+ 38.Kd2 Qxf2+ 39.Ne2 Qe3+ 40.Kc2 Qd3+ 41.Qxd3 exd3+ 42.Kxd3 Rcd8+
43.Nd4 Re3+ 44.Kc4 Ne5+ 45.Kc5 Nd3+ 46.Kc4 Ne5+ 47.Kc5 Rd5+ 48.Kb6 Rxd4  0-1

[Event "Campomanes Mem GM Open"]
[Site "Bandar Seri Begawan BRU"]
[Date "2012.04.11"]
[Round "8.1"]
[White "Turqueza,M"]
[Black "Pitra,Andika"]
[Result "0-1"]
[WhiteElo "2273"]
[BlackElo "2305"]

1.d4 f5 2.c4 Nf6 3.Nf3 g6 4.g3 Bg7 5.Bg2 O-O 6.O-O d6 7.d5 Na6 8.Nc3 Qe8
9.Be3 c6 10.Nd4 Bd7 11.Rc1 Nc7 12.Nf3 c5 13.Bg5 a6 14.e4 fxe4 15.Nd2 b5 16.b3 h6
17.Bxf6 Bxf6 18.Ncxe4 Bd4 19.Kh1 g5 20.Nf3 Bg7 21.Ng1 Qg6 22.f4 Bf5 23.Re1 g4
24.Nf2 Bb2 25.Rxe7 Bxc1 26.Qxc1 Rf7 27.Re3 Re8 28.h3 h5 29.Rxe8+ Nxe8 30.Qe3 Kf8
31.cxb5 axb5 32.a4 bxa4 33.bxa4 Re7 34.Qa3 Qf6 35.Bf1 Qd4 36.Kg2 Re3 37.Qa2 Be4+
38.Nxe4 Qxe4+ 39.Kf2 h4  0-1

[Event "TCh-CAT 2012"]
[Site "Catalunya ESP"]
[Date "2012.04.14"]
[Round "10.6"]
[White "Coll Ortega,J"]
[Black "Canal Oliveras,J"]
[Result "1-0"]
[WhiteElo "2302"]
[BlackElo "2237"]

1.c4 f5 2.g3 Nf6 3.Nf3 g6 4.Bg2 Bg7 5.O-O O-O 6.d4 d6 7.b3 c6 8.Bb2 Qc7 9.Nbd2 a5
10.a3 Na6 11.Re1 Bd7 12.e4 Nxe4 13.Nxe4 fxe4 14.Rxe4 Rae8 15.Re1 Qc8 16.Ng5 h6
17.Ne4 Rf7 18.Qd2 b6 19.b4 axb4 20.axb4 Ref8 21.f4 Kh7 22.d5 c5 23.Bxg7 Rxg7
24.b5 Nc7 25.Bf1 Qb7 26.Bd3 Ra8 27.Qb2 Rxa1 28.Rxa1 Bf5 29.Qe2 Rg8 30.Nf2 Bxd3
31.Nxd3 Rg7 32.Nf2 Qc8 33.Ne4 Qf8 34.Ra7 e6 35.Qd3 exd5 36.cxd5 Ne6 37.Ra6 Nd4
38.Rxb6 Ra7 39.Nxd6 Ra1+ 40.Kg2 Ra2+ 41.Kh3 Ra7 42.Qe4 Re7 43.Qxe7+ Qxe7
44.Rb7 Qxb7 45.Nxb7 c4 46.d6 c3 47.Nc5 c2 48.Nd3 Ne6 49.Kg2 Nc5 50.Nc1 Kg7
51.Kf3 Kf6 52.Ke3 Nb7 53.Kd3 Nxd6 54.b6 Ke6 55.Kxc2 Kd5 56.Kd3 Kc5 57.Nb3+ Kxb6
58.Kd4 Nf7 59.Kd5 Nd8 60.Nd4 g5 61.f5 h5 62.f6 g4 63.Kd6 Nf7+ 64.Ke7 Ne5
65.f7 Kc5 66.Ne6+ Kd5 67.Nf4+  1-0

[Event "18th Metropolitan IM"]
[Site "Los Angeles USA"]
[Date "2012.04.14"]
[Round "6"]
[White "Visweswaran,K"]
[Black "Liou,Y"]
[Result "1/2-1/2"]
[WhiteElo "2281"]
[BlackElo "2293"]

1.Nf3 f5 2.g3 Nf6 3.Bg2 g6 4.O-O Bg7 5.c4 O-O 6.d4 d6 7.Nc3 Qe8 8.d5 Na6
9.Nd4 Bd7 10.Rb1 c6 11.a3 Nc7 12.b4 cxd5 13.cxd5 Qf7 14.Qb3 Ne4 15.Nxe4 fxe4
16.Bb2 Bf5 17.Rbd1 Rac8 18.a4 Qxd5 19.Qe3 Qf7 20.Bxe4 Bxe4 21.Qxe4 d5 22.Qb1 e5
23.Nb3 b6 24.b5 Qe6 25.Ba3 Rf7 26.Qd3 Qg4 27.Bd6 Rd7 28.Bxc7 Rcxc7 29.a5 e4
30.Qb1 Qxe2 31.axb6 axb6 32.Nd4 Bxd4 33.Rxd4 Rc2 34.Qa1 Ra2 35.Qc3 Rc2 36.Qb3 Rc5
37.Qa4 Rc8 38.Qa6 Rb8 39.Rfd1 e3 40.fxe3 Qxe3+ 41.Kg2 Qe2+ 42.Kg1 Rf7 43.R4d2 Qe3+
44.Kg2 Rbf8 45.Qa2 Rf5 46.h4 g5 47.Kh3 gxh4 48.Rg2 Rg5 49.Rxd5 Qe6+ 50.Rf5 Rg6
51.Qxe6+ Rxe6 52.gxh4+ Rg6 53.Rxf8+ Kxf8 54.Rc2 h5 55.Rc8+ Kg7 56.Rc7+ Kh6
57.Rb7 Rf6 58.Kg3 Kg6 59.Rc7 Kf5 60.Rh7 Kg6 61.Re7 Kf5 62.Kf3 Rd6 63.Rg7 Rd3+
64.Ke2 Rd5 65.Rg5+ Ke4 66.Rg8 Rxb5 67.Kd2 Rd5+ 68.Kc3 b5 69.Kb4 Rf5 70.Rg1 Rf4
71.Kxb5 Rxh4 72.Kc4 Kf3+ 73.Kd3 Rg4 74.Rf1+ Kg2 75.Ra1 Rf4 76.Ra5 Rf3+ 77.Ke2 h4
78.Rg5+ Rg3 79.Rf5 Rg8 80.Rf2+ Kg1 81.Rf1+ Kh2 82.Rf4 h3 83.Kf2 Ra8 84.Rg4 Ra2+
85.Kf1 Rg2 86.Ra4 Rg5 87.Ra2+ Kh1 88.Ra8 Rf5+ 89.Ke2 Kg2 90.Rg8+ Kh2 91.Rg7 Rf8
92.Rg6 Re8+ 93.Kf2 Rf8+ 94.Ke2 Ra8 95.Kf2 Ra2+ 96.Kf1 Rg2 97.Ra6 Kg3 98.Rg6+  1/2-1/2

[Event "IV ch-IberoAmerican GpC"]
[Site "Quito ECU"]
[Date "2012.04.17"]
[Round "5.3"]
[White "Bravo,Will"]
[Black "De la Riva Aguado,O"]
[Result "1/2-1/2"]
[WhiteElo "2251"]
[BlackElo "2545"]

1.d4 f5 2.g3 Nf6 3.Bg2 g6 4.Nf3 Bg7 5.O-O O-O 6.c4 d6 7.Nc3 c6 8.Qb3 Kh8
9.Rd1 Na6 10.Bg5 Qe8 11.Qa3 Qf7 12.b3 Ne4 13.Rac1 e5 14.dxe5 dxe5 15.Be7 Nxc3
16.Ng5 Qg8 17.Rxc3 Re8 18.Rcd3 Nc7 19.Rd8 Ne6 20.Rxe8 Qxe8 21.Nxe6 Bxe6 22.Qd6 Qf7
23.Qc7 e4 24.f3 exf3 25.exf3 Re8 26.Rd8 Rxd8 27.Qxd8+ Qg8 28.Qc7 Bd4+ 29.Kh1 Qc8
30.Qd6 Qd7 31.Bf6+ Bxf6 32.Qf8+ Bg8 33.Qxf6+ Qg7 34.Qxg7+ Kxg7 35.f4 Kf6
36.Kg1 Ke7 37.c5 b6 38.cxb6 axb6 39.Bxc6 Kd6 40.Be8 Kc5 41.Kf2 Kb4 42.Ke3 Kc3
43.Bd7 Kb2 44.Kd4 Kxa2 45.b4 Kb3 46.Ke5 Kxb4 47.Kf6 Bb3 48.Kg7 Ba4 49.Bc8 Kc5
50.Kxh7 Be8 51.h4 Kd4 52.Kg7 Ke3 53.Kf8 Bc6 54.Bxf5 Be4 55.Bd7 Kf3 56.f5 gxf5
57.h5 Kxg3 58.Be8  1/2-1/2